Loading...
| History - Other | 0 | 9 | 0 | 2 | 90 | 53 | 71.67 | 3 | 7 | 33.09 | 61.20 |
| History - World | 0 | 9 | 0 | 2 | 90 | 42 | 73.33 | 3 | 5 | 34.11 | 52.25 |
| Literature - American | 0 | 8 | 0 | 0 | 80 | 58 | 97.88 | 2 | 3 | 21.75 | 38.13 |
| Religion | 0 | 8 | 1 | 1 | 75 | 44 | 71.63 | 5 | 6 | 30.28 | 60.86 |
| Literature - British | 0 | 7 | 0 | 1 | 70 | 62 | 91.71 | 2 | 4 | 19.16 | 45.63 |
| History - American | 0 | 7 | 1 | 0 | 65 | 60 | 74.43 | 3 | 7 | 25.38 | 51.64 |
| Philosophy | 0 | 6 | 0 | 1 | 60 | 57 | 94.67 | 2 | 3 | 14.29 | 39.61 |
| Literature - European | 0 | 5 | 1 | 0 | 45 | 91 | 103.40 | 1 | 2 | 10.86 | 22.22 |
| History - European | 0 | 5 | 3 | 0 | 35 | 76 | 94.20 | 1 | 3 | 11.18 | 29.55 |
| Science - Other | 0 | 4 | 1 | 2 | 35 | 102 | 116.25 | 0 | 1 | 1.92 | 9.09 |
| Literature - World/Other | 0 | 4 | 1 | 0 | 35 | 70 | 86.50 | 0 | 2 | 14.23 | 25.38 |
| Social Science | 0 | 3 | 1 | 1 | 25 | 80 | 103.33 | 0 | 1 | 4.26 | 10.23 |
| Geography/Current Events | 0 | 3 | 1 | 1 | 25 | 84 | 89.00 | 0 | 1 | 11.77 | 25.00 |
| Fine Arts - Classical Music | 0 | 3 | 1 | 1 | 25 | 70 | 101.00 | 1 | 2 | 8.09 | 20.45 |
| Mythology | 0 | 2 | 0 | 0 | 20 | 100 | 113.50 | 0 | 1 | 3.18 | 6.82 |
| Fine Arts - Visual | 0 | 2 | 1 | 0 | 15 | 52 | 86.50 | 1 | 1 | 6.40 | 13.64 |
| Fine Arts - Other | 0 | 3 | 3 | 1 | 15 | 107 | 117.67 | 0 | 0 | 2.44 | 10.86 |
| Science - Physics | 0 | 1 | 0 | 0 | 10 | 125 | 125.00 | 0 | 0 | 0.07 | 4.04 |